000 00775nas a2200253 4500
001 BR0706349
003 BR-BrBNA
005 20231205111248.0
007 ta
008 230509b bl.|||p| |||| 00| 00por d
040 _aBR-BrBNA
_bpor
_cBiblioteca Nacional de Agricultura
041 _a(Pt)
072 _aL40; L70
100 1 _aAkatsu, I.P.
100 1 _aPegoraro, A.
245 1 _aLargura do tórax de operárias de Apis mellifera scutellata Lepeletier e eficiência da tela coletora de pólen
650 _aABELHA
650 _aEFICIÊNCIA
650 _aTÓRAX
650 _aPÓLEN
773 0 _tArchives of Veterinary Science (Brazil)
_xISSN 1517-784X
_g(2001), v. 6(2) p. 77-82
_wBR0706349
909 _a202311
_bLúcia
_c55
_dLúcia Elande
942 _2AGRIS
_n0
_cANA
999 _c191687
_d191687